LEADER 01147nam a2200301 a 4500 001 000000146088 003 CaOOAMICUS 005 20150928154305.0 008 150928s1988 it u000 u ita r 020 $z8811472296* 040 $aPUL$bita 041 1 $aita$heng 100 1 $aNewmark, Peter.$0(OLS)http://pul/name/93489 240 10$aApproaches to translation.$lItaliano.$0(OLS)http://pul/title/184687 245 13$aLa traduzione :$bproblemi e metodi /$cPeter Newmark. 260 $a[Milano] :$bGarzanti,$c1988. 300 $a341 p. ;$c20 cm 490 1 $aStrumenti di studio 504 $aBibliografia in nota. 650 4$aTraduzione.$0(OLS)http://pul/subject/21345 830 0$aStrumenti di studio.$0(OLS)http://pul/title/64031 850 $aPUL 852 $aPUL$W1$xDP1 Fondo S. Lanza$y121$m9 A 11$j163530$qFondi$B169741$CPULBib$Z2$F169741 $HLan2399 $82 941 1 $a1 996 $6020$z8811472296*$9(OLS)http://pul/number/158732 996 $6245$aLa traduzione :$bproblemi e metodi$9(OLS)http://pul/title/184686 996 $6260$a[Milano] :$bGarzanti$9(OLS)http://pul/publisher/56106 LEADER 01428nam a2200313 u 4500 001 000000026098 003 CaOOAMICUS 005 20070226111534.0 008 950725s1984 fr u000 u fre u 035 $a10672557 040 $aPUL$bita 041 1 $afre$alat 100 1 $aTertullianus, Quintus Septimius Florens,$dc. 160-c. 225.$0(OLS)http://pul/name/1914 240 10$aDe patientia$9(Tertullianus, Quintus Septimius Florens, c. 160-c. 225).$lFrancese e latino.$0(OLS)http://pul/title/35891 245 10$aDe la patience. /$cIntroduction, texte critique, traduction et commentaire par Jean-Clade Fredouille. 260 $aParis :$bLes Éditions du Cerf,$c1984. 300 $a308 p. ;$c20 cm 490 1 $aSources chrétiennes ;$v310 500 $aTesto latino e trad. francese a fronte. 700 1 $aFredouille, Jean Claude.$0(OLS)http://pul/name/1916 830 0$aSources chrétiennes ;$v310.$0(OLS)http://pul/title/45 850 $aPUL 852 $aPUL$W1$xSL Religione 2$y84$mTheol E3 310$j36488$nBK-PRI$b $qStampati altre collocazioni$B36488$CPULBib$Z2$F36488 $H $81 900 $aTertulliano,$dc. 160-c. 225$91914 900 $aTertulliano, Quinto Settimio Fiorente,$dc. 160-c. 225$91914 941 1 $a10 961 $aINV: 52183 996 $6245$aDe la patience.$9(OLS)http://pul/title/35892 996 $6260$aParis :$bLes Éditions du Cerf$9(OLS)http://pul/publisher/47861